00368nam a2200145Ia 4500003000400000005001700004008004100021020001800062040000900080082002500089100002300114245004300137260003400180300000800214OSt20200319095344.0190216s9999||||xx |||||||||||||| ||und|| a9789380081267 coclc a954.830088297bQAD/P aQadiri, Shamsullah 0aPracheena Malabar /cShamsullah Qadiri bOther Books,c2012.aCalicut: a79p